Europe by Number of Borders Quiz Stats

Quiz Updated Jul 14, 2016

Also try: European Borders
Challenge
Share
Tweet
Embed
Score 0/10 Timer 01:30
2 Plays Today
Borders Country % Correct
8 BordersAustria...
86.9%
9 BordersGermany
79.9%
1 BorderDenmark...
78.1%
0 BordersCyprus...
75.8%
7 BordersHungary...
63.7%
2 BordersAndorra...
63.6%
3 BordersBosnia and Herzegovina...
63.4%
4 BordersAlbania...
52.1%
5 BordersBelarus...
51.1%
6 BordersItaly
44.7%

You're not logged in!

Compare scores with friends on all Sporcle quizzes.
Sign Up with Email
OR
Log In

You Might Also Like...

Show Comments

Extras

Top Quizzes Today


Score Distribution

Your Account Isn't Verified!

In order to create a playlist on Sporcle, you need to verify the email address you used during registration. Go to your Sporcle Settings to finish the process.